El mandato civil
Saved in:
| Hovedforfatter: | |
|---|---|
| Format: | Bog |
| Sprog: | spansk |
| Udgivet: |
Santiago
Juridica
2008
|
| Udgivelse: | 5a. ed |
| Fag: | |
| Tags: |
Tilføj Tag
Ingen Tags, Vær først til at tagge denne postø!
|
MARC
| LEADER | 00000nam a2200000 a 4500 | ||
|---|---|---|---|
| 001 | UCI6041 | ||
| 003 | CL-VaPUC | ||
| 008 | 080418e20080000CL |||||||||||||||||spa|d | ||
| 020 | |a 9789561018341 | ||
| 082 | 0 | 4 | |a 346.83029 |b STI |2 21 |
| 100 | 0 | |a Stitchkin Branover, David |e author |9 528738 | |
| 245 | 1 | 3 | |a El mandato civil |
| 250 | |a 5a. ed | ||
| 300 | |a 534 p | ||
| 942 | |c BK | ||
| 945 | |d 20080418 00:00:00 |a rbrito | ||
| 260 | |a Santiago |b Juridica |c 2008 | ||
| 650 | 0 | |a Mandato |9 385834 | |
| 650 | 0 | |a Cesión de contratos |9 344928 | |
| 650 | 0 | |a Derecho romano |9 255930 | |
| 650 | 0 | |a Código civil |9 256135 | |
| 650 | 0 | |a Derecho comparado |9 255664 | |
| 650 | 7 | |a DERECHO CHILENO |2 CL-VaPUC |9 528739 | |
| 650 | 0 | |a Jurisprudencia |9 255952 | |
| 583 | |a last modification |c 20080418 00:00:00 |k Rodrigo Vera | ||
| 999 | |c 329644 |d 329642 | ||
| 952 | |0 0 |1 0 |4 0 |6 346_830290000000000_STI_2008 |7 0 |8 A |9 414589 |a BIBDER |b BIBDER |d 2019-11-22 |i 443093K |l 1 |m 3 |o 346.83029 STI 2008 |p 443093K |r 2023-01-25 |s 2021-10-13 |w 2019-11-22 |y BK |k DER | ||
| 952 | |0 0 |1 0 |4 0 |6 346_830290000000000_STI_2008 |7 0 |8 A |9 414590 |a BIBDER |b BIBDER |d 2019-11-22 |i 4674847 |o 346.83029 STI 2008 |p 4674847 |r 2023-01-25 |w 2019-11-22 |y BK |k DER | ||
| 952 | |0 0 |1 0 |4 0 |6 346_830290000000000_STI_2008 |7 0 |8 A |9 414591 |a BIBDER |b BIBDER |d 2019-11-22 |i 4674855 |l 15 |m 3 |o 346.83029 STI 2008 |p 4674855 |r 2024-12-13 |s 2024-12-13 |w 2019-11-22 |y BK |k DER | ||